| 000 | 00715nam a2200265 a 4500 | ||
|---|---|---|---|
| 003 | AR-BaBNM | ||
| 005 | 20251128205802.0 | ||
| 008 | 082120s2002 ||||||||||||||000 | spa|| | ||
| 040 | _cAR-BaBNM | ||
| 100 | 1 | _aSerebrinsky, Soli | |
| 245 | 0 | 0 |
_aDe las colonias judías, de la ciudad... _btrece cuentos |
| 260 |
_aBuenos Aires _bEdiciones Palabra e Imagen _c1994 |
||
| 300 | _a78 p. | ||
| 650 | 4 | _aLITERATURA ARGENTINA | |
| 650 | 4 | _aCUENTOS | |
| 650 | 4 | _aLITERATURA CONTEMPORANEA | |
| 650 | 4 | _aINMIGRACION EN ARGENTINA | |
| 650 | 4 | _aJUDIOS | |
| 653 | _aNARRATIVA | ||
| 653 | _aCOSTUMBRISMO | ||
| 655 | _aLITERATURA | ||
| 700 | 1 |
_aFerder, Eduardo León _eprologuista |
|
| 942 | _cBK | ||
| 998 | _cMARTIN | ||
| 999 |
_c12802 _d12802 |
||